[Event "Bronshoj-ch B"]
[Site "Bronshoj"]
[Date "2016.05.29"]
[Round "8"]
[White "Petrovski, Petruli"]
[Black "Marcussen, Leif"]
[Result "1/2-1/2"]
[WhiteElo "1873"]
[BlackElo "1831"]
[PlyCount "40"]
[EventDate "2016.03.17"]
[EventType "swiss"]
[EventRounds "9"]
[EventCountry "DEN"]
[SourceTitle "EXT 2024"]
[Source "ChessBase"]
[SourceDate "2023.10.10"]
[SourceVersion "1"]
[SourceVersionDate "2023.10.10"]
[SourceQuality "1"]

1. Nf3 c5 2. g3 Nf6 3. Bg2 Nc6 4. 0-0 e6 5. c4 Be7 6. Nc3 0-0 7. d3 a6 8. a3 d6 9. Rb1 d5 10. cxd5 exd5 11. Qc2 b5 12. e4 Be6 13. exd5 Nxd5 14. Ne4 Nd4 15. Nxd4 cxd4 16. Qe2 Rc8 17. h4 Qd7 18. Bg5 Rfe8 19. Bxe7 Rxe7 20. Qh5 Bg4 1/2-1/2

[Event "Bronshoj-ch B"]
[Site "Bronshoj"]
[Date "2016.05.09"]
[Round "6"]
[White "Marcussen, Leif"]
[Black "Madsen, Michael Ole"]
[Result "0-1"]
[WhiteElo "1831"]
[BlackElo "2036"]
[PlyCount "50"]
[EventDate "2016.03.17"]
[EventType "swiss"]
[EventRounds "9"]
[EventCountry "DEN"]
[SourceTitle "EXT 2024"]
[Source "ChessBase"]
[SourceDate "2023.10.10"]
[SourceVersion "1"]
[SourceVersionDate "2023.10.10"]
[SourceQuality "1"]

1. e4 c6 2. d4 d5 3. Nc3 dxe4 4. Nxe4 Bf5 5. Ng3 Bg6 6. Nf3 Nd7 7. Bd3 e6 8. h4 Ngf6 9. Bg5 Qc7 10. Bxg6 hxg6 11. Qe2 Nd5 12. 0-0-0 N7f6 13. Ne5 Nh7 14. Nxg6 fxg6 15. Qxe6+ Ne7 16. Rhe1 Nxg5 17. hxg5 Qf4+ 18. Kb1 Qf7 19. Qd6 Qd5 20. Qc7 Qd7 21. Qe5 0-0-0 22. Ne4 Nd5 23. c4 Re8 24. Qg3 Qf5 25. Qf3 Nb6 0-1

[Event "Bronshoj-ch B"]
[Site "Bronshoj"]
[Date "2016.04.19"]
[Round "4"]
[White "Marcussen, Leif"]
[Black "Strachan, Christian C"]
[Result "0-1"]
[WhiteElo "1831"]
[BlackElo "1860"]
[PlyCount "76"]
[EventDate "2016.03.17"]
[EventType "swiss"]
[EventRounds "9"]
[EventCountry "DEN"]
[SourceTitle "EXT 2024"]
[Source "ChessBase"]
[SourceDate "2023.10.10"]
[SourceVersion "1"]
[SourceVersionDate "2023.10.10"]
[SourceQuality "1"]

1. e4 e6 2. d4 d5 3. Nc3 Nf6 4. e5 Nfd7 5. Nf3 c5 6. Bb5 a6 7. Bxd7+ Bxd7 8. 0-0 Nc6 9. Ne2 cxd4 10. Nexd4 Be7 11. c3 0-0 12. Bf4 Rc8 13. Qd2 Na5 14. b3 b5 15. Rfb1 Qc7 16. Ne2 Nb7 17. Be3 Nc5 18. Bd4 Ne4 19. Qe3 f6 20. Rf1 Qb7 21. Rad1 f5 22. h4 Rc6 23. Rd3 Rfc8 24. Rfd1 R8c7 25. Ng5 Qc8 26. Kh2 b4 27. c4 dxc4 28. bxc4 Nxg5 29. hxg5 Rxc4 30. Bb6 Rb7 31. g3 Qc6 32. Ba5 Kf7 33. Nf4 Rc2 34. Rd6 Bxd6 35. exd6 Qe4 36. Qxe4 fxe4 37. Kg1 Rxa2 38. Bc7 b3 0-1